00587nam a2200193Ia 4500008004100000020000700041082001700048100002200065245004800087250000700135260003900142300002400181500000700205600002700212650001500239942000700254952011700261999001500378240925s9999 xx 000 0 und d aNA a621.4021 CEN aCengel, Yunus A . 0aThermodynamics: an engineering application  aNA aLake Forest:bMc Graw-Hillc,1994. a272p.bNAfOriginal aNA aElectronic Engineering aTechnology cBK 001040708ELaUITUbUITUd2001-04-20eNAg1545.00l0o621.4021 CENpQ3518r2024-09-25 07:13:10w2024-09-25yBK c6017d6017